| 000 | 00443nam a2200205Ia 4500 | ||
|---|---|---|---|
| 001 | 11622 | ||
| 003 | GE_BSU | ||
| 008 | 181216s||||||||xx |||||||||||||| ||und|| | ||
| 020 | _a9780330435969 | ||
| 040 | _cGE_BSU | ||
| 080 | _a821.111-32 | ||
| 100 | _aHewson,David. | ||
| 245 | 4 | _aThe lizard's bite. | |
| 260 | _aLondon | ||
| 260 | _bPan books. | ||
| 260 | _c2007. | ||
| 300 | _a500p;18cm. | ||
| 653 | _aThe lizard's bite. | ||
| 942 | _cBK | ||
| 999 |
_c44817 _d44817 |
||